000
00268nam a22001217a 4500
020
_a
0-07-033387-4
082
_a
005.6 KAT'M
245
_a
MICROPROGRAMMING PRIMER
250
_a
KATZAM, HARRY
260
_a
NEWYORK
_b
MCGRAW HILL
_c
1977
300
_a
254P
942
_c
BK
999
_c
581033
_d
581033